| 000 | 00357nam a22001337a 4500 | ||
|---|---|---|---|
| 008 | 250218b |||||||| |||| 00| 0 eng d | ||
| 020 | _a023000234X | ||
| 050 |
_aHD1393 _b.W55 |
||
| 100 | _aWILLIAMS, David | ||
| 245 | _aEnterprise Programme Management: Delivering Value | ||
| 260 |
_aNew York _bPalgrave Macmillan _c2006 |
||
| 300 | _axvi, 303p. | ||
| 942 | _cBK | ||
| 999 |
_c1985 _d1985 |
||